01073nam a2200253 i 4500001000700000003000900007005001700016007000300033008004100036080001400077100003200091245026600123260004300389300002900432490001200461650003500473700004400508700003200552700003800584830002000622852003200642999001900674952012600693134840ES-MaACL20230906194744.0t|070629s1960 sp ||||1| spa d a658.5(02)1 aThibert, Raymond B.910992613aLa previsión y el control en la empresa b: la práctica del control presupuestario en empresas industriales y comerciales / cpor R.B. Thibert ; prólogo de Wenceslao Millán Fernández ; traducido por Sebastián Besora Besora, Alberto Grau Dosaigües. aBarcelona : bHispano Europea, c1960. aXXIII, 376 p. ; c24 cm.1 aGalileo14aControl presupuestario.9113441 aMillán Fernández, Wenceslao.9811461 aBesora, Sebastián.9285891 aGrau Dosaiguës, Alberto.9597510 aGalileo9182278 aES-MaACLjC-18344 bR.46704 c134840d134840 00104070aATENEOMbATENEOMcGaleríad2008-01-17eSCl0oC-18344p1140350r2023-02-23 00:00:00w2023-02-23yMONOGRAFIA